The idea of Pakistan / (Record no. 3501)

000 -LEADER
fixed length control field 01383cam a2200301 a 4500
001 - CONTROL NUMBER
control field 13654928
003 - CONTROL NUMBER IDENTIFIER
control field OSt
005 - DATE AND TIME OF LATEST TRANSACTION
control field 20180117090007.0
008 - FIXED-LENGTH DATA ELEMENTS--GENERAL INFORMATION
fixed length control field 040714s2004 dcuab b 001 0 eng
010 ## - LIBRARY OF CONGRESS CONTROL NUMBER
LC control number 2004016553
020 ## - INTERNATIONAL STANDARD BOOK NUMBER
International Standard Book Number 0815715021 (cloth : alk. paper)
040 ## - CATALOGING SOURCE
Original cataloging agency DLC
Transcribing agency DLC
Modifying agency DLC
043 ## - GEOGRAPHIC AREA CODE
Geographic area code a-pk---
050 00 - LIBRARY OF CONGRESS CALL NUMBER
Classification number DS376.9
Item number .C63 2004
082 00 - DEWEY DECIMAL CLASSIFICATION NUMBER
Classification number 954.91
Edition number 22
100 1# - MAIN ENTRY--PERSONAL NAME
Personal name Cohen, Stephen P.,
Dates associated with a name 1936-
245 14 - TITLE STATEMENT
Title The idea of Pakistan /
Statement of responsibility, etc. Stephen Philip Cohen.
260 ## - PUBLICATION, DISTRIBUTION, ETC.
Place of publication, distribution, etc. India
Name of publisher, distributor, etc. Oxford university Press,
Date of publication, distribution, etc. c2004.
300 ## - PHYSICAL DESCRIPTION
Extent ix, 382 p. :
Other physical details ill., maps ;
Dimensions 24 cm.
504 ## - BIBLIOGRAPHY, ETC. NOTE
Bibliography, etc. note Includes bibliographical references and index.
505 0# - FORMATTED CONTENTS NOTE
Formatted contents note The idea of Pakistan -- The state of Pakistan -- The army's Pakistan -- Political Pakistan -- Islamic Pakistan -- Regionalism and separatism -- Demographic, educational, and economic prospects -- Pakistan's futures -- American options.
651 #0 - SUBJECT ADDED ENTRY--GEOGRAPHIC NAME
Geographic name Pakistan.
856 41 - ELECTRONIC LOCATION AND ACCESS
Materials specified Table of contents
Uniform Resource Identifier <a href="http://www.loc.gov/catdir/toc/ecip0420/2004016553.html">http://www.loc.gov/catdir/toc/ecip0420/2004016553.html</a>
906 ## - LOCAL DATA ELEMENT F, LDF (RLIN)
a 7
b cbc
c orignew
d 1
e ecip
f 20
g y-gencatlg
942 ## - ADDED ENTRY ELEMENTS (KOHA)
Source of classification or shelving scheme
Koha item type Book
Holdings
Withdrawn status Lost status Source of classification or shelving scheme Damaged status Not for loan Collection code Permanent Location Current Location Shelving location Date acquired Total Checkouts Total Renewals Full call number Barcode Checked out Date last seen Date last checked out Price effective from Koha item type
            Central Library (CL) Central Library (CL) General Stacks 07/27/2016 11 5 954.91 COH S3H-S-514 10/15/2025 09/15/2025 09/15/2025 07/27/2016 Book
            NUST Law School (NLS) NUST Law School (NLS)   03/04/2025     954.91 CHO NLS-1054   03/04/2025   03/04/2025 Book
            NUST Law School (NLS) NUST Law School (NLS)   06/28/2025     954.91 COH NLS-2846   06/28/2025   06/28/2025 Book
            NUST Law School (NLS) NUST Law School (NLS)   06/28/2025     954.91 COH NLS-2847   06/28/2025   06/28/2025 Book
            NUST Law School (NLS) NUST Law School (NLS)   06/28/2025 1   954.91 COH NLS-2848 04/16/2026 03/17/2026 03/17/2026 06/28/2025 Book
            NUST Law School (NLS) NUST Law School (NLS)   06/28/2025     954.91 COH NLS-2849   06/28/2025   06/28/2025 Book
© 2023 Central Library, National University of Sciences and Technology. All Rights Reserved.